Biblioteca

La función hermenéutica de la teología moral (Registro nro. 69635)

Detalles MARC
000 -LÍDER
Campo fijo de descripción fija 01143nab a2200217 i 4500
001 - NÚMERO DE CONTROL
Campo de control 768714001
003 - IDENTIFICADOR DEL NÚMERO DE CONTROL
Campo de control CO-MdFUSB
005 - FECHA Y HORA DE LA ULTIMA TRANSACCIÓN
control field 20240509163810.0
008 - ELEMENTOS DE LONGITUD FIJA -- INFORMACIÓN GENERAL
Campo fijo de descripción fija -- Información general 240509t1969 sp ||||| |||| 00| 0 spa d
040 ## - FUENTE DE CATALOGACIÓN
Idioma de catalogación spa
Agencia que realiza la transcripción CO-MdFUSB
Agencia que realiza la modificación CO-MdFUSB
041 ## - CÓDIGO DE IDIOMA
Código de idioma para texto/pista de sonido o título separado spa
100 ## - ASIENTO PRINCIPAL--NOMBRE PERSONAL
Nombre personal Beemer, Theo,
Término relacionador autor
245 #3 - TÍTULO
Título La función hermenéutica de la teología moral
Mención de responsabilidad / Theo Beemer
520 ## - NOTA DE RESUMEN, ETC.
Nota de sumario, etc. La Iglesia habla de la voluntad de Dios como norma de conducta humana, lo que muchos ven como una afirmación innecesaria sobre lo que ya se conoce como buena o mala conducta, una confirmación tardía o un intento de trascender la experiencia universal, que tiene como objetivo distinguir a los cristianos del resto de la humanidad para formar con ellos iniciativas mejor informadas.
650 #2 - ASIENTO SECUNDARIO DE MATERIA - TERMINO TEMÁTICO
Término temático o nombre geográfico como elemento de entrada Conciencia (Moral)
9 (RLIN) 927
650 #7 - ASIENTO SECUNDARIO DE MATERIA - TERMINO TEMÁTICO
Término temático o nombre geográfico como elemento de entrada Ética social.
9 (RLIN) 186
653 ## - TÉRMINO DE INDIZACIÓN - NO CONTROLADO
Término no controlado Profesión y responsabilidad en la sociedad
773 0# - ASIENTO DE ITEM FUENTE
Biblionumber 49450
Itemnumber 82608
Otro identificador del ítem R2535
Título Revista internacional de teología Concilium
Número de control del registro (CO-MdFUSB)8
Número Internacional Normalizado para Publicaciones Seriadas (ISSN) 0210-1041
Parte(s) relacionada(s) / Volumen., número. (mes año), páginas Número 45, (mayo, 1969), páginas: 294 - 309
Enumeración y primera página página: 294
942 ## - TIPO DE MATERIAL (KOHA)
Tipo de Item KOHA Artículos de Revista
945 ## - INFORMACIÓN LOCAL DEL REGISTRO
Catalogador Catherine Arias Alvarez - Practicante SENA

No hay ítems disponibles.

Biblioteca FUSBC | Teléfono: (57+4) 349 88 10 Ext. 141| WhatsApp (+57) 3005338115 
E-mail: biblioteca@unisbc.edu.co | Calle 76 87-14 Robledo Palenque, Medellín, Colombia

Con tecnología Koha